LEADER 01090nam0-22003251i-450- 001 990005855660403321 005 20160429104334.0 010 $a3-500-25360-1 035 $a000585566 035 $aFED01000585566 035 $a(Aleph)000585566FED01 035 $a000585566 100 $a19990604e19721876km-y0itay50------ba 101 0 $ager 105 $ay-------001yy 200 1 $a<>kerenzer Mundart des kantons Glarus in ihren Grundzngen dargestellt$fvon J. Winteler 205 $aUnveränderter Naudruck der Ausgabe, Leipzig 1876 210 $aVaduz (Liechtenstein)$cSaendig Reprint Hans R. Wohlwend$d1972 215 $aXII$d240 p.$d21 cm 324 $aRipr. facs. dell'ed. 1876 610 0 $aLingua tedesca$aDialetti$aSvizzera 676 $a437.9494$v22$zita 700 1$aWintler,$bJost$f<1846-1929>$0402908 801 0$aIT$bUNINA$gRICA$2UNIMARC 901 $aBK 912 $a990005855660403321 952 $a437.9494 WIN 1$bDip.f.m.4248$fFLFBC 959 $aFLFBC 996 $aKerenzer Mundart des kantons Glarus in ihren Grundzngen dargestellt$9565504 997 $aUNINA